000 01176nam a22002657a 4500
005 20170124102936.0
010 _aB-070848
020 _c400.00
035 _aB-070848
037 _bCen Lib/Ret
040 _aDPL
_bHN
082 _a821.08
_bहोरो
100 _aहोरो , पुल्केरिया
_943083
245 _a कबीर साहित्य का काव्य शाश्त्रीय अध्ययन /
_cपुल्केरिया होरो
246 _aKabir sahitya ka kavya shashtriya adhyyan
_bby Pulakariya Horo
260 _aरांची
_bएस.के.पब्लिकेशन
_c2002
270 _aसरोवर विहार मोरावादी
_bरांची
_e841008
300 _a285पृष्ठ.
_c21सेमी(सजिल्द)
500 _aसहायक ग्रन्थ सूची शामिल
650 _aहिंदी साहित्य
_946775
650 _aकबीर साहित्य
_946776
650 _aHindi literature
_946777
650 _aKabir literature
_946778
942 _2ddc
_cHN
_h821.08
_mहोरो
999 _c112298
_d112298